| 000 | 00000nam##2200000za#4500 |
| 001 | 9.572562 |
| 003 | CaOODSP |
| 005 | 20210624183300 |
| 007 | cr ||||||||||| |
| 008 | 150406|1999||||xxc|||||o f|0| 0 eng|d |
| 040 | |aCaOODSP|beng |
| 043 | |an-cn--- |
| 086 | 1 |aH113-1/22-1999E-PDF |
| 110 | 1 |aCanada. |bPest Management Regulatory Agency. |
| 245 | 10|aCopper sulphate algicides for swimming pool use |h[electronic resource] |
| 260 | |aOttawa - Ontario : |bHealth Canada. |cApril 1999. |
| 300 | |a2p.|bcoloured illus. |
| 490 | 1 |aPest note |
| 590 | |a12-05-Supp|b2012-03-02 |
| 690 | 07|aRecreational facilities|2gcpds |
| 690 | 07|aHerbicides|2gcpds |
| 775 | 08|tAlgicides à base de sulfate de cuivre pour piscines |w(CaOODSP)9.602908 |
| 776 | 0#|tCopper sulphate algicides for swimming pool use |w(CaOODSP)9.615603 |
| 830 | #0|aPest note.|w(CaOODSP)9.504455 |
| 856 | 40|ahttp://publications.gc.ca|qPDF|s215 KB|uhttps://publications.gc.ca/collections/Collection/H113-1-22-1999E.pdf |